| 000 | 00822cam a22002651 4500 | ||
|---|---|---|---|
| 001 | 15518 | ||
| 003 | BD-RjUL | ||
| 005 | 20211208235831.0 | ||
| 008 | 140210r19701962nyua b 001 0 eng d | ||
| 035 | _a(BD-RjUL)15573 | ||
| 035 | _a(OCoLC)166121 | ||
| 040 |
_aDLC _cODaWU _dOCoLC _dDLC _dBD-RjUL _beng |
||
| 041 | _aeng | ||
| 082 | 0 | 0 |
_a330.72 _bFER 1970 |
| 100 | 1 |
_aFerber, Robert, _d1922- _948183 |
|
| 245 | 1 | 0 |
_aResearch methods in economics & business / _cby Robert Ferber and P. J. Verdoorn. |
| 260 |
_aNew York : _bMacmillan ; _cc1962 [Reprinted 1970] |
||
| 300 |
_a573 p. : _billus. ; _c25 cm. |
||
| 504 | _aIncludes bibliography and Index | ||
| 650 | 0 |
_aEconomics _xResearch. _944503 |
|
| 700 | 1 |
_aVerdoorn, P. J. _q(Petrus Johannes) _948184 |
|
| 942 |
_2ddc _cBK |
||
| 999 |
_c15518 _d15518 |
||